Perspectives nouvelles en matière de reproduction humaine (Record n. 209483)

Dettagli MARC
000 -LEADER
fixed length control field 00806nam a2200241Ia 4500
001 - CONTROL NUMBER
control field c31-25355 [4363]
003 - CONTROL NUMBER IDENTIFIER
control field IT-MiCISF
008 - FIXED-LENGTH DATA ELEMENTS--GENERAL INFORMATION
fixed length control field 161014s9999||||xx |||||||||||||| ||und||
040 ## - CATALOGING SOURCE
Original cataloging agency IT-MiCISF
Transcribing agency IT-MiCISF
041 ## - LANGUAGE CODE
Language code of text/sound track or separate title fr
999 ## - SYSTEM CONTROL NUMBERS (KOHA)
Koha Dewey Subclass [OBSOLETE] si
100 ## - MAIN ENTRY--PERSONAL NAME
Personal name Volcher Robert
240 ## - UNIFORM TITLE
Uniform title Perspectives nouvelles en matière de reproduction humaine
245 #0 - TITLE STATEMENT
Title Perspectives nouvelles en matière de reproduction humaine
Remainder of title Actes du XVème colloque international de sexologie, Louvain 2-3 juin 1973
250 ## - EDITION STATEMENT
Edition statement 1a ed.
260 ## - PUBLICATION, DISTRIBUTION, ETC. (IMPRINT)
Place of publication, distribution, etc. Leuven (Belgio)
Name of publisher, distributor, etc. Centre international Cardinal Suenens
Date of publication, distribution, etc. 1973
300 ## - PHYSICAL DESCRIPTION
Extent pp. 48
500 ## - GENERAL NOTE
General note / procreazione-artificiale, genetica, bioetica /
650 ## - SUBJECT ADDED ENTRY--TOPICAL TERM
Topical term or geographic name as entry element bioetica
700 ## - ADDED ENTRY--PERSONAL NAME
Personal name Delepierre Alfred
700 ## - ADDED ENTRY--PERSONAL NAME
Personal name Ferin Jacques
942 ## - ADDED ENTRY ELEMENTS (KOHA)
Koha item type LIBRO
957 ## -
-- 1
999 ## - SYSTEM CONTROL NUMBERS (KOHA)
-- 1
Dati di copia
Withdrawn status Lost status Damaged status Not for loan Home library Current library Date acquired Total Checkouts Full call number Date last seen Price effective from Koha item type Public note
    Buone Condizioni Not For Loan CISF - Milano CISF - Milano 14/10/2016   c31-25355 [4363] 14/10/2016 14/10/2016 LIBRO Data import 15.10.2016 / by Epidotti, Vaglietti
CREDITS: SOCIETA' SAN PAOLO Via A.Severo, 58 - ROMA (RM) & PERIODICI SAN PAOLO SRL Via Giotto, 36 MILANO & CISF Via Giotto, 36 MILANO & EDIZIONI SAN PAOLO SRL,  Piazza Soncino, 5 CINISELLO BALSAMO (MI) -- ITALY